| 000 | 01355cam a22003254a 4500 | ||
|---|---|---|---|
| 001 | 13860085 | ||
| 003 | OSt | ||
| 005 | 20211214154912.0 | ||
| 008 | 050203s2005 nyua b 001 0 eng | ||
| 010 | _a 2005041571 | ||
| 020 | _a9780070677494 | ||
| 038 | _aKhadija | ||
| 040 |
_aDLC _cDLC _dDLC |
||
| 042 | _apcc | ||
| 050 | 0 | 0 |
_aTA165 _b.D86 2005 |
| 082 | 0 | 0 |
_a670.42 _222 _bDUM |
| 100 | 1 |
_aDunn, William _d1932- _986620 |
|
| 245 | 1 | 0 |
_aFundamentals of industrial instrumentation and process control / _cWilliam C. Dunn. |
| 260 |
_aNew York : _bMcGraw-Hill, _c2005. |
||
| 300 |
_axiv, 322 p. : _bill. ; _c24 cm. |
||
| 504 | _aIncludes bibliographical references and index. | ||
| 563 | _aPB | ||
| 650 | 0 |
_aEngineering Instruments. _986621 |
|
| 856 | 4 | 2 |
_3Contributor biographical information _uhttp://www.loc.gov/catdir/enhancements/fy0623/2005041571-b.html |
| 856 | 4 | 2 |
_3Publisher description _uhttp://www.loc.gov/catdir/enhancements/fy0623/2005041571-d.html |
| 856 | 4 | 1 |
_3Table of contents only _uhttp://www.loc.gov/catdir/enhancements/fy0623/2005041571-t.html |
| 906 |
_a7 _bcbc _corignew _d1 _eocip _f20 _gy-gencatlg |
||
| 942 |
_2ddc _cBK |
||
| 999 |
_c33332 _d33332 |
||